La opereta americana

Salvato in:
Dettagli Bibliografici
Autore principale: Bordman, Gerald (Autore)
Natura: Libro
Lingua:spagnolo
Pubblicazione: Ciudad de México Edamex 1983
Soggetti:
Tags: Aggiungi Tag
Nessun Tag, puoi essere il primo ad aggiungerne!!

MARC

LEADER 00000nam a2200000 a 4500
001 UCN2919
003 CL-VaPUC
008 010615e19830000MX |||||||||||||||||spa|d
082 0 4 |a 782.120973  |b BOR  |2 21 
100 0 |a Bordman, Gerald  |e author  |9 459200 
245 1 3 |a La opereta americana 
300 |a 243 p 
942 |c BK 
945 |d 20010615 00:00:00  |a crobeson 
260 |a Ciudad de México  |b Edamex  |c 1983 
650 0 |a Opereta  |9 306293 
650 0 |a Música vocal   |9 306287 
650 0 |a Música estadounidense  |9 442873 
650 0 |a Música, siglo 20  |9 324961 
583 |a last modification  |c 20010615 00:00:00  |k Rodrigo Vera 
999 |c 295935  |d 295933 
952 |0 0  |1 0  |4 0  |6 782_120973000000000_BOR_1983  |7 0  |8 A  |9 349388  |a BIBEDU  |b BIBEDU  |d 2019-11-20  |i 1186248  |o 782.120973 BOR 1983  |p 1186248  |r 2023-01-12  |w 2019-11-20  |y BK  |k MUS